مكتبة جامعة عجلون الوطنية

فهرس بحث المكتبة

أثر التسويق الاجتماعي في تعزيز الصورة الذهنية لدى عملاء البنك الاسلامي الدولي في الاردن=The Impact of Social Marketing on Enhancing the Mental Image of the Islamic international Arab Bank Clients -Jordan (Record no. 30419)

MARC details
000 -LEADER
fixed length control field 01364nam a2200241Ii 4500
003 - CONTROL NUMBER IDENTIFIER
control field JO-AjNU
005 - DATE AND TIME OF LATEST TRANSACTION
control field 20240626132455.0
008 - FIXED-LENGTH DATA ELEMENTS--GENERAL INFORMATION
fixed length control field 230605s9999||||xx |||||||||||||| ||und||
040 ## - CATALOGING SOURCE
Original cataloging agency JO-AjNU
Language of cataloging ara
Description conventions rda
Transcribing agency JO-AjNU
041 ## - LANGUAGE CODE
Language code of text/sound track or separate title ara
050 14 - LIBRARY OF CONGRESS CALL NUMBER
Classification number HF5414.2020
100 ## - MAIN ENTRY--PERSONAL NAME
Personal name الشويات، لمى غالب مصطفى
Relator term معد
9 (RLIN) 65694
245 00 - TITLE STATEMENT
Title أثر التسويق الاجتماعي في تعزيز الصورة الذهنية لدى عملاء البنك الاسلامي الدولي في الاردن=The Impact of Social Marketing on Enhancing the Mental Image of the Islamic international Arab Bank Clients -Jordan
Statement of responsibility, etc. / اعداد لمى غالب مصطفى الشويات ؛ اشراف علي فلاح الزعبي
264 31 - PRODUCTION, PUBLICATION, DISTRIBUTION, MANUFACTURE, AND COPYRIGHT NOTICE
Place of production, publication, distribution, manufacture 2020
300 ## - PHYSICAL DESCRIPTION
Extent 110 ورقة
336 ## - CONTENT TYPE
Content type term text
Content type code txt
Source rdacontent
337 ## - MEDIA TYPE
Media type term unmediated
Media type code n
Source rdamedia
338 ## - CARRIER TYPE
Carrier type term volume
Carrier type code nc
Source rdacarrier
500 ## - GENERAL NOTE
General note رسالة جامعية(اطروحة ماجستير) جامعة عجلون الوطنية ،كلية ادارة الاعمال،ادارة اعمال 2020، يحتوي على قائمة مراجع من ص95-101ص ويحتوي على ملاحق من ص 102-110ص
650 #4 - SUBJECT ADDED ENTRY--TOPICAL TERM
Topical term or geographic name entry element التسويق الاجتماعي - عملاء البنك الاسلامي - الاردن
9 (RLIN) 59646
700 ## - ADDED ENTRY--PERSONAL NAME
Personal name الزعبي، علي فلاح
9 (RLIN) 28684
Relator term مشرف
942 ## - ADDED ENTRY ELEMENTS (KOHA)
Source of classification or shelving scheme Library of Congress Classification
Koha item type Thesis
Holdings
Withdrawn status Lost status Source of classification or shelving scheme Damaged status Not for loan Home library Current library Shelving location Date acquired Total Checkouts Full call number Barcode Date last seen Price effective from Koha item type
    Library of Congress Classification     مكتبة جامعة عجلون الوطنية مكتبة جامعة عجلون الوطنية المراجع 26/06/2024   HF5414.2020 A26851 06/06/2023 26/06/2024 Thesis
    Library of Congress Classification     مكتبة جامعة عجلون الوطنية مكتبة جامعة عجلون الوطنية   26/06/2024   HF5414.2020 a26852 26/06/2024 26/06/2024 Thesis